| 000 | 00689nam a2200229 i 4500 | ||
|---|---|---|---|
| 001 | 169329 | ||
| 003 | ES-MaACL | ||
| 005 | 20250911062846.0 | ||
| 008 | 080901s2008 sp |||| | spa d | ||
| 017 | _aM-12.505-2008 | ||
| 020 | _a978-84-7522-679-8 | ||
| 080 | _a821.134.2-14"19" | ||
| 100 | 1 |
_aLanseros, Raquel. _970096 |
|
| 245 | 1 | 4 |
_aLos ojos de la niebla / _cRaquel Lanseros. |
| 260 |
_aMadrid : _bVisor Libros, _c2008. |
||
| 300 |
_a47 p. ; _c20 cm. |
||
| 490 | 1 |
_aColección Visor de poesía ; _v679 |
|
| 500 | _a"XXII Premio Unicaja de Poesía" | ||
| 830 | 0 |
_aColección Visor de poesía _v679 _9177331 |
|
| 852 | 4 |
_aES-MaACL _jL-29675 _9R.143641 |
|
| 999 |
_c169329 _d169329 |
||